000 00614nam a22001937a 4500
003 JO-AjAnu
005 20240501114047.0
008 240501b jo ||||| |||| 00| 0 ara d
020 _a9786202554497
040 _aJO-AjAnu
_beng
_cJO-AjAnu
_dJO-AjAnu
_erda
041 0 _aeng
_heng
050 _aQ180
_b2020
100 1 _aAbdelghany,Mohammad
_eauthor
_965404
245 0 _aScientific Research Marketing :
_bTarms and Concepts /
_cMohammad Abdelghany
260 _bLAP LAMBERT Academic Publishing ,
_c2020
300 _a148 page
650 7 0 _aScientific Research
_vScientific Research
_965405
942 _2lcc
_cBK
_n0
999 _c33486
_d33486